000 00639nam a2200205Ia 4500
003 LK-CoDNM
005 20240430131742.0
008 010623t1952 xxu||||| |||| 00| 1 Pali d
040 _aLK-CoDNM
_dLK-CoDNM
_eLK-CoDNM
041 _aPali
_asin
080 _aට52
100 _aBuddhagosha Thero
245 _aසිංහල විශුද්ධි මාර්ගය සහ සීල නිර්දේශය
246 _aSinhala Vishuddhi Maargaya Saha Seelanirdeshaya
260 _bnMatara Velendo
_aMatara
_c1952
300 _b470P.,23 cm
650 _aNirdesha
700 _aDharmawansha Thero,Matara Sri
_eed.
942 _cBK
999 _c102824
_d102824